Les vainqueurs du Ballon D'or, de la LDC & de la CDM - Statistiques

Statistiques générales
  • Ce quiz a été pris 1 838 fois
  • Le résultat moyen est 7 sur 9
Statistiques - réponses
Indices Reponses % Correct
Ballon d'Or en 2009, 2010, 2011, 2012, 2015, 2019, 2021 et 2023 Ligue des champions avec Barcelone en 2006, 2009, 2011 et 2015 Mondial avec l'Argentine en 2022 Lionel Messi
99%
Ballon d'Or en 1998 Ligue des champions avec le Real Madrid en 2002 Mondial avec la France en 1998 Zinedine Zidane
94%
Ballon d'Or en 2007 Ligue des champions avec l'AC Milan en 2007 Mondial avec le Brésil en 2002 Kaká
90%
Ballon d'Or en 2005 Ligue des champions avec Barcelone en 2006 Mondial avec le Brésil en 2002 Ronaldinho
90%
Ballon d'Or en 1970 Ligue des champions avec le Bayern Munich en 1974, 1975 et 1976 Mondial avec l'Allemagne Fédérale en 1974 Gerd Müller
73%
Ballon d'Or en 1999 Ligue des champions avec l'AC Milan en 2003 Mondial avec le Brésil en 2002 Rivaldo
67%
Ballon d'Or en 1972 et 1976 Ligue des champions avec le Bayern Munich en 1974, 1975 et 1976 Mondial avec l'Allemagne Fédérale en 1974 Franz Beckenbauer
62%
Ballon d'Or en 1966 Ligue des champions avec Manchester United en 1968
Mondial avec l'Angleterre en 1966
Bobby Charlton
59%
Ballon d'Or en 1982 Ligue des champions avec Juventus en 1985 Mondial avec l'Italie en 1982. Paolo Rossi
29%
Aucun quiz correspondant
Distribution des résultats
% des personnes avec chaque résultat
Percentile par nombre de réponses
Votre historique - résultats
Vous n’avez pas pris ce quiz